000 01126nam a22003617a 4500
001 0002008
003 KOHA_MİRAKIL
005 20260207001259.0
007 ta
008 110414b2005 tu |||gr||||#||||0|tur |
020 _a9758768344
040 _aTR-BiSEU
_btur
_cTR-BiSEU
_erda
041 0 _atur
044 _ctu
050 _aHG3853.7
_b.G87 2005
100 1 _aGürsoy, Yaser.
245 1 _aDış ticaret işlemleri muhasebesi :
_bDış Ticaret işlemleri/
_cYaser Gürsoy ; Yaser Gürsoy.
264 1 _aBursa :
_bEkin Kitabevi
_c2005
300 _aXIV, 286 sayfa; 21 cm.
336 _ametin
_btxt
_2rdacontent
337 _aaracısız
_bn
_2rdamedia
338 _acilt
_bnc
_2rdacarrier
500 _aKaynakça var.
650 0 _aKambiyo Muhasebe.
_93989
650 0 _aDış Ticaret Düzeni--Türkiye.
_95853
650 0 _aUluslararası Ticaret--Muhasebe.
_95854
650 0 _aMuhasebe.
_92513
650 0 _aForeign Exchange Accounting.
_95855
650 0 _aForeign Trade Order--Turkey.
_95856
650 0 _aInternational Business--Accounting.
_95857
650 0 _aAccounting.
_92913
942 _2lcc
_cBK
999 _c1995
_d1995